000 00645nam a22001817a 4500
003 BUBTL
008 190302b xxu||||| |||| 00| 0 eng d
020 _a984-18-0287-2
082 _a891.44 THC
100 _92431
_aঠাকুর, রবীন্দ্রনাথ
245 _aচোখের বালি /
_cরবীন্দ্রনাথ ঠাকুর
260 _aঢাকা :
_bবিশ্বসাহিত্য কেন্দ্র,
_cc2010.
300 _a184 p. :
_c22 cm.
650 0 _91687
_aবাংলা সাহিত্য
856 _k0
_l0
_yDownload
942 _2ddc
_cBK
999 _c5881
_d5881